El recargo de prestaciones en la doctrina judicial.

Detalles Bibliográficos
Autor principal: Romero Rd̤enas, Mara̕ Još
Formato: Libro
Lenguaje:español
Publicado: Albacete : Bomarzo, 2010.
Materias:
Acceso en línea:Acceso restringido

MARC

LEADER 00000cam a2200000 i 4500
005 20111104143235.0
008 100309s2010 sp 000 0 spa d
020 |a 978-84-96721-99-9  
035 |a 5951 
040 |a Lexnova  |d BUS  |d vLex 
090 |c 2740  |d 2740 
100 1 |a Romero Rd̤enas, Mara̕ Još 
245 1 3 |a El recargo de prestaciones en la doctrina judicial.  |h [Recurso electrn̤ico] /  |c Mara̕ Jos ̌Romero Rodenas 
256 |a Servicio en ln̕ea. 
260 |a Albacete :  |b Bomarzo,  |c 2010. 
300 |a 1 recurso electrn̤ico 
506 1 |a Contenido solo disponible en los productos indicados  |d vLex Global  |d vLex Global (Academic Edition, excluding Law Schools)  |d vLex Global (U.S. Academic Edition, Law Schools)  |d vLex Global (U.S. Academic Edition, excluding Law Schools)  |d vLex Global (Academic Edition, Law Schools) 
650 0 4 |a Seguridad social  |x Derecho  |z Espaą. 
650 0 4 |a Seguro de desempleo  |x Derecho  |z Espaą. 
740 0 |a vLex Libros (Servicio en ln̕ea) 
856 4 2 |z Acceso restringido  |u http://vlex.com/source/recargo-prestaciones-doctrina-judicial-5951 
942 |c BOOK